[Event "Amantea op-B 7th"]
[Site "Amantea"]
[Date "2009.08.31"]
[Round "1"]
[White "Daniac, Roberto"]
[Black "Mancino, Roberta"]
[Result "0-1"]
[WhiteElo "1440"]
[BlackElo "1721"]
[PlyCount "119"]
[EventDate "2009.08.31"]
[EventType "swiss"]
[EventRounds "8"]
[EventCountry "ITA"]
[SourceTitle "CBM 132 Extra"]
[Source "ChessBase"]
[SourceDate "2009.11.03"]
[SourceVersion "1"]
[SourceVersionDate "2009.11.03"]
[SourceQuality "1"]

1. c4 c5 2. Nc3 Nc6 3. Nf3 Nf6 4. g3 e6 5. Bg2 Be7 6. d3 0-0 7. 0-0 d6 8. a3 a6 9. e3 Rb8 10. Qc2 Qc7 11. Re1 b5 12. cxb5 axb5 13. Ne2 Bd7 14. Bd2 Rfc8 15. Rac1 Qb6 16. Nc3 d5 17. d4 c4 18. Ne5 Nxe5 19. dxe5 Ng4 20. f4 Bc5 21. Nd1 d4 22. Bb4 Bxb4 23. axb4 d3 24. Qd2 Bc6 25. h3 Bxg2 26. Kxg2 Nh6 27. Nc3 Nf5 28. e4 Nd4 29. Rcd1 Nc2 30. Kh2 Nxe1 31. Rxe1 Rd8 32. f5 Qd4 33. f6 Qxe5 34. fxg7 Kxg7 35. Rf1 Rg8 36. Qf2 f6 37. Qa7+ Kh8 38. Qf2 Rg6 39. Qe3 Rbg8 40. Rf3 h5 41. Kg2 h4 42. g4 f5 43. Qf2 Rh6 44. exf5 Rf8 45. Qd2 Rh7 46. Qf2 exf5 47. gxf5 Rg7+ 48. Kh1 Rg3 49. Rxg3 Qxg3 50. Qd4+ Qg7 51. Qxh4+ Kg8 52. Qe4 Rd8 53. Qe6+ Qf7 54. Qb6 Qd7 55. Qg6+ Kf8 56. Qf6+ Ke8 57. Qh8+ Kf7 58. Qh7+ Kf6 59. Qg6+ Ke5 60. Qg5 0-1